Science And Technology-VIII (Record no. 4326)
[ view plain ]
| 000 -LEADER | |
|---|---|
| fixed length control field | 00220nam a22000857a 4500 |
| 008 - FIXED-LENGTH DATA ELEMENTS--GENERAL INFORMATION | |
| fixed length control field | 161130b xxu||||| |||| 00| 0 eng d |
| 100 ## - MAIN ENTRY--PERSONAL NAME | |
| 9 (RLIN) | 1610 |
| Personal name | Pant,K.M |
| 245 ## - TITLE STATEMENT | |
| Title | Science And Technology-VIII |
| 260 ## - PUBLICATION, DISTRIBUTION, ETC. (IMPRINT) | |
| Place of publication, distribution, etc. | New Delhi |
| Name of publisher, distributor, etc. | NCERT |
| Date of publication, distribution, etc. | 2004 |
| Withdrawn status | Lost status | Source of classification or shelving scheme | Damaged status | Koha normalized classification for sorting | Not for loan | Home library | Current library | Shelving location | Date acquired | Total Checkouts | Full call number | Barcode | Date last seen | Price effective from | Koha item type | Date last checked out |
|---|---|---|---|---|---|---|---|---|---|---|---|---|---|---|---|---|
| Dewey Decimal Classification | 600_000000000000000 | Good Samaritan School Library | Good Samaritan School Library | Science | 11/30/2016 | 600 | PAN5109 | 11/30/2016 | 11/30/2016 | BOOK | ||||||
| Dewey Decimal Classification | 600_000000000000000 | Good Samaritan School Library | Good Samaritan School Library | Science | 11/30/2016 | 1 | 600 | PAN5110 | 01/16/2017 | 11/30/2016 | BOOK | 12/05/2016 |